000 00664cab a2200205 4500
001 ABS42652
008 090401t1990 xxu||||| |||| 00| 0 eng d
035 _a(Sirsi) u38116
041 _aeng
100 _aBar-Hillel, Mira
245 _aSmoke alarms: it`s daft not to
260 _c1990
350 _a0
490 _aChartered Surveyor Weekly
_v31(8) 24 May 1990, 32(1)
520 _aSets out the recommendations of a recent report on smoke alarms published by the National Housing and Town Planning Council .
650 _aMANAGEMENT-HEALTH AND SAFETY-FIRE SAFETY
690 _aBUILT ENVIRONMENT-BUILDING STANDARDS
942 _n0
948 _c04/03/1997
999 _c24494
_d24494